Statistics for History by Letter - O

Click here to take the quiz!

General Stats

  • This quiz has been taken 36,535 times
    (27,492 since last reset)
  • The average score is 12 of 20

Answer Stats

Hint Answer % Correct
Turkish empire that
conquered Constantinople
Ottoman Empire
97%
Greek athletic competition that
started in 776 BC
Olympics
94%
Drug that led to two wars in ChinaOpium
91%
Cromwell's first nameOliver
86%
First king of the NetherlandsWilliam of {Orange}
76%
One of two epics attributed to HomerOdyssey
73%
Deadliest D-Day beachOmaha Beach
67%
Japanese island and site of
bitter fighting in WWII
Okinawa
67%
Nickname of Joan of ArcMaid of {Orleans}
60%
Pioneer trail from Missouri to the
Willamette Valley
Oregon Trail
59%
"Father" of the A-bombJ. Robert
Oppenheimer
52%
Jacqueline Bouvier's second
husband
Aristotle Onassis
51%
Language in which
"Beowulf" was written
Old English
50%
Also known as the
Bolshevik Revolution
{October}
Revolution
50%
Cartel that declared an
oil embargo in 1973
OPEC
49%
Site of a "land rush" in 1889Oklahoma
44%
Roman poet who wrote
"Metamorphoses"
Ovid
43%
Site of 1993 Israel/PLO accordsOslo
33%
Relatives of the VisigothsOstrogoths
30%
Ancient Mexican civilization known
for colossal head sculptures
Olmec
29%

Score Distribution

Percentile by Number Answered

Percent of People with Each Score

Your Score History

You have not taken this quiz since the last reset